1006 1679 1487 1883 1408 1389 1302 1520 1048 1624 1584 1219 1567 1559 1386 1173 1042 1191 1889 1910 1222 1264 1803 1920 1387 1473 1172 1868 1338 1580 1615 1116 1605 1186 1381 1791 1395 1127 1840 1048 1590 1198 1212 1501 1493 1274 1835 1765 1698 1933 1047 1682 1778 1640 1856 1845 1208 1208 1108 1972 1791 1710 1636 1064 1426 1413 1721 1916 1904 1117 1243 1204 1004 1872 1121 1715 1088 1538 1901 1058 1601 1801 1566 1821 1271 1228 1899 1966 1845 1016 1681 1880 1156 1494 1020 1384 1024 1943 1901 BCNSPRNW ULIB Ver.6.0+V

เปลี่ยนเป็นภาษาไทย

Change to English
 แสดงรายละเอียดบรรณานุกรม
  กลับหน้าหลัก

Brief Record : Get Marc (ISO 2709) : E-mail record : QR code < ปิดหน้าต่าง
LEADER : 00000nam 2200000uu 4500
001    13399111307
003     ULIB
008    110622s||||||||th 000 0 tha d
020    97446523811
050  4 BF713^bพ234จ 2546
100 0  พเยาว์ พงษ์ศักดิ์ชาติ
245 10 จิตวิทยาพัฒนาการสำหรับพยาบาล/^cพเยาว์ พงษ์ศักดิ์ชาติ
260    กรุงเทพฯ :^bวิทยาลัยพยาบาลบรมราชชนนี สระบุรี,^c2546
300    115 หน้า
650  7 จิตวิทยาพัฒนาการ
710 2  วิทยาลัยพยาบาลบรมราชชนนี สระบุรี^bโครงการตำรา
945    ^p0^l0^i016014
995    ทศพร
999 ^a ใช้งานได้ทุกระบบ
รายการนี้ยังไม่มีแท็ก
คุณยังไม่ได้ล็อกอิน คุณสามารถมีกิจกรรมร่วมกับเว็บไซต์ได้ แต่ต้องล็อกอินก่อน ::
  ล็อกอิน

รายการสื่อสารสนเทศ

ลำดับที่ ประเภท เลขเรียก/บาร์โค้ด สถานที่ สถานะ
- ไม่พบข้อมูล -

รายการใกล้เคียง
    ผู้แต่ง [พเยาว์ พงษ์ศักดิ์ชาติ]

    หัวเรื่อง [จิตวิทยาพัฒนาการ]

BibComment


ยังไม่เคยถูกคอมเมนท์

คอมเมนท์ทรัพยากรรายการนี้
  คอมเมนท์: จิตวิทยาพัฒนาการส..


 Copyright 2026. Bcnsprnw @Library